00827cam a22002417a 4500003000500000005001700005008004100022010000900063011000900072035000900081040000900090100003200099245017000131260004500301300001100346502008400357650002400441650002400465650002200489650002400511650002500535650002500560CHAP20220329133617.0971013s1992 r 00010 d a8524 a9496 a8731 cCHAP00aSoto Pinto, María Lorena.10aDinámica de la eficiencia de uso y balance de nutrimentos en sistemas agroforestales y en cultivos con enmiendas orgánicas en La Montaña, Turrialba, Costa Rica aTurrialba, Costa Rica :bEl autor,c1992 a125 h. aTesis (M.S.) -- CATIE. Sub. Gral. Adjunta de Enseñanza. Programa de Postgrado14aAbonos para frijol.14aAbonos para maíz.14aAgroforestería.14aCultivos asociados.14aFrijolxRendimiento.14aMaízxRendimiento.